书目信息 |
| 题名: |
音频检测技术与仪器
|
|
| 作者: | 柏逢明 著 | |
| 分册: | ||
| 出版信息: | 北京 国防工业出版社 2006.07 |
|
| 页数: | 290页 | |
| 开本: | 26cm | |
| 丛书名: | ||
| 单 册: | ||
| 中图分类: | TN912.206 | |
| 科图分类: | ||
| 主题词: | 音频设备--yin pin she bei--检测--技术 , 音频设备--yin pin she bei--检测--仪器 | |
| 电子资源: | ||
| ISBN: | 7-118-04535-7 | |
| 000 | 00994nam0 2200253 450 | |
| 001 | 012006777855 | |
| 005 | 20061130093656.42 | |
| 010 | @a7-118-04535-7@dCNY35.00 | |
| 100 | @a20061029d2006 km y0chiy0120 ea | |
| 101 | 0 | @achi |
| 102 | @aCN@b110000 | |
| 105 | @aa a 000yy | |
| 200 | 1 | @a音频检测技术与仪器@Ayin pin jian ce ji shu yu yi qi@f柏逢明著@Fbai feng ming zhu |
| 210 | @a北京@c国防工业出版社@d2006.07 | |
| 215 | @a290页@c图@d26cm | |
| 320 | @a有书目 (第289-290页)。 | |
| 330 | @a本书主要介绍音频检测技术与仪器, 结合典型科研成果讨论音频检测技术的基本理论、技术条件和仪器实现过程。 | |
| 333 | @a本书可作为信息工程、检测与测控、自动化与仪表专业硕士和博士研究生的教材, 也可供电子信息、检测与测控技术、自动化与仪表以及相关领域的科研人员学习和参考 | |
| 606 | 0 | @a音频设备@Ayin pin she bei@x检测@x技术 |
| 606 | 0 | @a音频设备@Ayin pin she bei@x检测@x仪器 |
| 690 | @aTN912.206@v4 | |
| 701 | 0 | @a柏逢明@Abai feng ming@4著 |
| 801 | 0 | @aCN@c20061130 |
| 905 | @a10447@dTN912.206@eB164 | |
| 音频检测技术与仪器/柏逢明著.-北京:国防工业出版社,2006.07 |
| 290页:图;26cm |
| 使用对象:本书可作为信息工程、检测与测控、自动化与仪表专业硕士和博士研究生的教材, 也可供电子信息、检测与测控技术、自动化与仪表以及相关领域的科研人员学习和参考 |
| ISBN 7-118-04535-7:CNY35.00 |
| 本书主要介绍音频检测技术与仪器, 结合典型科研成果讨论音频检测技术的基本理论、技术条件和仪器实现过程。 |
| ● |
| 相关链接 |
|
|
|
正题名:音频检测技术与仪器
索取号:TN912.206/B164
 
预约/预借
| 序号 | 登录号 | 条形码 | 馆藏地/架位号 | 状态 | 备注 |
| 1 | 224651 | 202246514 | 自科库301/301自科库 28排2列4层/ [索取号:TN912.206/B164] | 在馆 | |
| 2 | 224652 | 202246523 | 自科库301/301自科库 37排1列5层/ [索取号:TN912.206/B164] | 在馆 | |
| 3 | 224653 | 202246532 | 自科库301/301自科库 37排1列5层/ [索取号:TN912.206/B164] | 在馆 |